| 000 | 02649nam a22002657a 4500 | ||
|---|---|---|---|
| 001 | 000438 | ||
| 003 | DO-SdBNP | ||
| 005 | 20171110132604.0 | ||
| 007 | 000438 | ||
| 008 | 160803b 1997 nyu a ||||| |||| 00| 0 spa d | ||
| 020 | _a0471076805 | ||
| 040 |
_aBPMSU _bspa _cBPMSU |
||
| 082 | 4 |
_a658.15 _bD163c |
|
| 100 | 1 | _aDamodaran, Aswath. | |
| 245 | 1 | 0 |
_aCorporate finance : _btheory and practice / _cAswath Damodaran. |
| 260 |
_aNew York : _bJohn Wiley & Sons, _c1997. |
||
| 300 |
_axxvi, 876 p. : _bil. ; _c26 cm. |
||
| 490 | 1 | _aWiley series in finance. | |
| 505 | 0 |
_gpt. 1. _tAn introduction to corporate finance -- _gCapítulo 1 _tIntroduction to corporate finance -- _gCapítulo 2 _tThe objective function in corporate finance -- _gCapítulo 3 _tPresent value -- _gCapítulo 4 _tUnderstanding financial statements -- _gCapítulo 5 _tRisk and return -theory -- Theory. _gCapítulo 6 _tRisk and return in practice: Estimation of discount rates -- _gpt. 2. Investment analysis. _gCapítulo 7 _tCapital budgeting decision rules -- _gCapítulo 8 _tEstimating cash flows -- _gCapítulo 9 _tIssues in capital budgeting -- _gCapítulo 10 _t Uncertainty and risk in capital budgeting: Part I. _gCapítulo 11 _tUncertainty and risk in capital budgeting: Part II. _gCapítulo 12 _tOrganizing and following Up on investment analysis -- _gCapítulo 13 _tThe leasing decision -- _gCapítulo 14 _t Working capital: Investment decisions and financing -- _gpt. 3. The financing decision. . _gCapítulo 15 _tCapital Structure: An Overview of Financing Choices -- _gCapítulo 16 _tMarket efficiency lessons for corporate finance -- _gCapítulo 17 _tCapital structure: Tradeoffs and theory _gCapítulo 18 _tCapital structure: models and applications -- _gCapítulo 19 _tCapital Structure: The Financing Details -- _gpt. 4. _tThe dividend decision -- _gCapítulo 20 _tThe determinants of divisend policy -- _gCapítulo 21 _tA framework for analyzing dividend policy -- _gCapítulo 22 _tReturning cash to stockholders -- _gpt. 5. Valuation -- _gCapítulo 23 _tBasics of valuation -- _gCapítulo 24 _tManagement decision: corporate strategy and firm value -- _gCapítulo 25 _tAcquisition and takeovers _gpt. 6. Other tools and techniques _gCapítulo 26 _tInternational finance -- _gCapítulo 27 _tOption pricing theory -- _gCapítulo 28 _tApplication of option pricing theory in corporate finance -- _gCapítulo 29 _tRisk management -- _gCapítulo 30 _tCorporate finance for privately held firms -- _gCapítulo 31 _tA final review. |
|
| 650 | 4 |
_aCOMPAÑIAS _xFINANZAS |
|
| 830 | 0 | _aWiley series in finance | |
| 942 |
_2ddc _cBK |
||
| 945 | _aInventariado, 2017/MFF | ||
| 956 |
_2LOPEREZ _310 _620160803 _8BPMSU _a00041 |
||
| 999 |
_c11083 _d11083 |
||